| 000 | 00514nam a2200181 a 4500 | ||
|---|---|---|---|
| 001 | 371 | ||
| 003 | CDMR | ||
| 005 | 20130116135154.0 | ||
| 008 | 130130s1976||||||||||||||||||||||||||||d | ||
| 040 |
_aCDMR _bcat _cCDMR |
||
| 100 | 1 |
_aSánchez Guzmán, José Ramón _9253 |
|
| 245 | 1 | 0 |
_aBreve historia de la publicidad _cJosé Ramón Sánchez Guzmán |
| 260 |
_aMadrid _c1976 _bPirámide |
||
| 300 |
_a151 p ; _c23 cm |
||
| 490 | 0 |
_aInformación y Comunicación _9254 |
|
| 650 | 0 | 4 |
_aPublicitat _xHistòria _9255 |
| 942 | _cMON | ||
| 999 |
_c371 _d371 |
||